Child abuse and neglect programs: practice and theory
| Corporate Author: | |
|---|---|
| Format: | Print Book |
| Language: | English |
| Published: |
Rockville, Md.
National Institute of Mental Health
1978
|
| In: |
DHEW publication / ADM (78-344)
Year: 1978 |
| Edition: | repr. |
| Availability in Tübingen: | Present in Tübingen. UB: KB 1 B 708 |
| Check availability: | HBZ Gateway |
| Subito Delivery Service: | Order now. |
MARC
| LEADER | 00000cam a22000002c 4500 | ||
|---|---|---|---|
| 001 | 1098794516 | ||
| 003 | DE-627 | ||
| 005 | 20220514162054.0 | ||
| 007 | tu | ||
| 008 | 920622s1978 xx ||||| 00| ||eng c | ||
| 035 | |a (DE-627)1098794516 | ||
| 035 | |a (DE-576)028794516 | ||
| 035 | |a (DE-599)BSZ028794516 | ||
| 035 | |a (OCoLC)311649160 | ||
| 040 | |a DE-627 |b ger |c DE-627 |e rakwb | ||
| 041 | |a eng | ||
| 245 | 0 | 0 | |a Child abuse and neglect programs |b practice and theory |c National Institute of Mental Health |
| 250 | |a repr. | ||
| 264 | 1 | |a Rockville, Md. |b National Institute of Mental Health |c 1978 | |
| 300 | |a XIV, 200 S. | ||
| 336 | |a Text |b txt |2 rdacontent | ||
| 337 | |a ohne Hilfsmittel zu benutzen |b n |2 rdamedia | ||
| 338 | |a Band |b nc |2 rdacarrier | ||
| 490 | 1 | |a DHEW publication |a ADM |v 78-344 | |
| 583 | 1 | |a Archivierung prüfen |c 20200919 |f DE-640 |z 1 |2 pdager | |
| 710 | 2 | |a National Institute of Mental Health |g USA |0 (DE-588)8555-8 |0 (DE-627)10025277X |0 (DE-576)190193824 |4 oth | |
| 810 | 2 | |a USA |b Department of Health, Education, and Welfare |t DHEW publication / ADM |v 78-344 |9 78-344 |w (DE-627)108397520X |w (DE-576)01397520X |7 am | |
| 951 | |a BO | ||
| ELC | |b 1 | ||
| LOK | |0 000 xxxxxcx a22 zn 4500 | ||
| LOK | |0 001 2187036030 | ||
| LOK | |0 003 DE-627 | ||
| LOK | |0 004 1098794516 | ||
| LOK | |0 005 20020606000000 | ||
| LOK | |0 008 920622||||||||||||||||ger||||||| | ||
| LOK | |0 040 |a DE-21 |c DE-627 |d DE-21 | ||
| LOK | |0 852 |a DE-21 | ||
| LOK | |0 852 1 |c KB 1 B 708 |9 00 | ||
| LOK | |0 935 |a krim | ||
| LOK | |0 936ln |a k10.10.1 | ||
| LOK | |0 939 |a 22-06-92 |b l01 | ||
| ORI | |a SA-MARC-krimdoka001.raw | ||
| SIG | |a UB: KB 1 B 708 | ||
